000 00377nam a2200157Ia 4500
008 220216s9999 xx 000 0 und d
100 _aReghu C.P.
245 0 _aRubber wood. 9. Drying procedures 2
260 _bRubber
_c1998
300 _a19-20
650 _aAir drying
650 _aDrying limitations
650 _aKiln drying
650 _aVacuum drying
942 _cML
999 _c72685
_d72685